00322nam a2200109Ia 45000010005000000080041000050200014000460820023000601000044000832450061001272600024001881049241024s9999 xx 000 0 und d a1681-2007 aRD/759.97293/UN58t aUniversidad Autónoma de Santo Domingo 0aTesoro Artístico Universidad Autonoma de Santo Domingo bSanto Domingoc2009